Vista normal Vista MARC

Entrada Nombre personal

Número de registros utilizados en: 1

001 - NÚMERO DE CONTROL

  • Campo de control: 44257

003 - IDENTIFICADOR DE NÚMERO DE CONTROL

  • Campo de control: OSt

005 - FECHA Y HORA DE LA ULTIMA MODIFICACION

  • Campo de control: 20201003110839.0

008 - ELEMENTOS DE DATOS DE LONGITUD FIJA

  • Campo de longitud fija: 201003|| aca||aabn | a|a d

040 ## - FUENTE DE LA CATALOGACIÓN

  • Agencia original de catalogación: OSt

100 1# - ENCABEZAMIENTO--NOMBRE DE PERSONA

  • Nombre personal: Pablo Flores, David Alberto

670 ## - FUENTE DE DATOS ENCONTRADOS

  • Fuente de citación: Análisis del sistema de remuneración variable e indicadores de control de gestión de la empresa Industrias Magaña L. S. A. DE C.V.
  • Fuente de citación: BMC.- 03-10-2020